00425 2200181 4500001002100000005001500021008004100036020002200077035001900099041000700118082000800125090001400133100001500147245001500162260002600177300001900203650002100222INLIS00000000000022620241224112134241224||||||||| | ||| |||| || |  a978-979-168-085-1 0010-1224000226 aid0 a320 a320 TAN a0 aTan Malaka00aAksi Massa aJakartabnarasic2008 a148 hlm; 21 cm 0aIlmu-ilmu Sosial